000
00331nam a22001457a 4500
008
210511b ||||| |||| 00| 0 eng d
020
_a
9780470026960
041
_a
eng
080
_a
33
082
_a
33
100
_a
56
101
_a
BIZ
245
_a
CFO Insights Delivering High Performance
_c
Sutcliff,M.R
942
_2
udc
_c
BK
999
_c
57188
_d
57188